Central Library OPAC University of Rajshahi

Leibniz : (Record no. 56305)

MARC details
000 -LEADER
fixed length control field 00938nam a2200277 a 4500
001 - CONTROL NUMBER
control field 56305
003 - CONTROL NUMBER IDENTIFIER
rucl marc code BD-RjUL
005 - DATE AND TIME OF LATEST TRANSACTION
control field 20211209080359.0
008 - FIXED-LENGTH DATA ELEMENTS--GENERAL INFORMATION
fixed length control field 161128s19611934enk||||| |||| 001 0 eng d
035 ## - SYSTEM CONTROL NUMBER
System control number (BD-RjUL)56429
040 ## - CATALOGING SOURCE
Original cataloging agency BD-RjUL
Language of cataloging eng
Transcribing agency BD-RjUL
Modifying agency BD-RjUL
041 ## - LANGUAGE CODE
Language code of text/sound track or separate title eng
082 ## - DEWEY DECIMAL CLASSIFICATION NUMBER
Edition number 23
Classification number 100
Author mark and year LEL 1961
100 ## - MAIN ENTRY--PERSONAL NAME
Personal name Leibniz, Gottfried Wilhelm.
9 (RLIN) 167539
245 ## - TITLE STATEMENT
Title Leibniz :
Remainder of title Philosophical Writings /
Statement of responsibility, etc. Gottfried Wilhelm Leibniz, Translated by Mary Morris, and Introduction by C.R. Morris.
260 ## - PUBLICATION, DISTRIBUTION, ETC. (IMPRINT)
Place of publication, distribution, etc. London ;
-- New York :
Name of publisher, distributor, etc. J.M. Dent & Sons,
-- E.P. Dutton & Co.,
Date of publication, distribution, etc. 1961.
300 ## - PHYSICAL DESCRIPTION
Pagination xxxiii, 284 p. ;
Size 20 cm.
490 ## - SERIES STATEMENT
Series statement [Everyman's Library. no. 905.]
500 ## - GENERAL NOTE
General note Includes index
650 ## - SUBJECT ADDED ENTRY--TOPICAL TERM
Topical term or geographic name as entry element Philosophy
9 (RLIN) 167540
Topical term or geographic name as entry element Philosophy, German
9 (RLIN) 167940
700 ## - ADDED ENTRY--PERSONAL NAME
Personal name Morris, Mary.
Personal name Morris, C.R.
830 ## - SERIES ADDED ENTRY--UNIFORM TITLE
Uniform title [Everyman's Library. no. 905.]
942 ## - ADDED ENTRY ELEMENTS (KOHA)
Source of classification or shelving scheme Dewey Decimal Classification
Koha item type Books
Holdings
Lost status Source of classification or shelving scheme Damaged status Not for loan Collection code Permanent Location Current Location Shelving location Date acquired Source of acquisition Cost, normal purchase price Total Checkouts Full call number Date last seen Copy number Koha item type
  Dewey Decimal Classification     Non-fiction Central Library, University of Rajshahi Central Library, University of Rajshahi   20/02/1963 zeitlinger 8.00   193 LEL 1961 28/11/2016 C-2 Books